000 01079cam a2200277 a 4500
001 337
003 BR-CuiBMT
005 20231129135304.0
008 231031s2022 mgb 000 0 por d
040 _aBR-CuiBMT
_cBR-CuiBMT
080 _22007
_a347.628
090 _a347.628
_bX3c
_c3. ed.
100 1 _aXavier, Marília Pedroso
245 1 0 _aContrato de namoro :
_bamor líquido e direito de família mínimo /
_cMarília Pedroso Xavier ; prefácio Ana Carolina Brochado Teixeira ; apresentação Paulo Nalin.
250 _a3. ed., rev., ampl. e atual.
260 _aBelo Horizonte :
_bFórum,
_c2022.
300 _a164 p. ;
_c22 cm
490 1 _aColeção Fórum direito civil e seus desafios contemporâneos ;
_vv. 3
504 _aInclui bibliografia.
650 _aContrato de convivência
_zBrasil
650 _aDireito de família
_xContrato de convivência
_yBrasil
650 _aUnião estável
_xJurisprudência
_zBrasil
650 _aRelações familiares
_zBrasil
830 0 _aColeção Fórum direito civil e seus desafios contemporâneos ;
_v4
942 _2udc
_cLV
999 _c337
_d337